000 00308 a2200109 4500
001 ART_31388
005 20260410161707.0
008 260409a
245 1 0 _aRecaudación tributaria nacional
100 1 _aGarcía, Fernando D.
773 0 _tRevista Impuestos
_g- Nº 6 (mar. 2007)
_wREV639
999 _c15705
_d15705